000 004760000a22001930004500
999 _c47655
_d47655
001 412
003 CO-MdFUSB
005 20170928143200.0
008 170928b xxu||||| |||| 00| 0 eng d
020 _a84-85132-52-1
040 _cCO-MdBIC
082 0 4 _a868HC G75h
100 1 _aGraaf, Anne de
245 1 0 _aHermano contra hermano / Annwe de Graaf
260 _aMadrid : Sociedad Bíblica de España
300 _a34 P.
650 1 4 _aLiteratura Infantil
942 _cLGB